000 00647nam a2200217 4500
003 OSt
005 20240607075827.0
006 a
008 240607b |||||||| |||| 00| 0 eng d
020 _a9781455504046
040 _aDWCL-Main lib.
_cOC
082 _aCirc. 658.4092 M465f 2011
100 _aMaxwell, John C.
245 _aThe 5 levels of leadership : proven steps to maximize your potential /
260 _aNew York :
_bCenter Street Pub.,
_cc2011.
300 _aix,
_b289 p. ;
_c23 cm.
504 _aIncludes bibliographical references.
650 _a1. Leadership.
700 _aJohn C. Maxwell
942 _2ddc
_n0
_cBK-CIRC
_kCirc.
999 _c375
_d375